Seeking the favor of God. Volume 3, The impact of penitential prayer beyond second temple judaism
Gardado en:
| Autor Corporativo: | |
|---|---|
| Outros autores: | , , |
| Formato: | Electrónico eBook |
| Idioma: | inglés |
| Publicado: |
Atlanta :
Society of Biblical Literature,
2008.
|
| Subjects: | |
| Acceso en liña: | An electronic book accessible through the World Wide Web; click to view |
| Tags: |
Sen Etiquetas, Sexa o primeiro en etiquetar este rexistro!
|
MARC
| LEADER | 00000nam a2200000Ia 4500 | ||
|---|---|---|---|
| 001 | 0000108507 | ||
| 005 | 20171002055700.0 | ||
| 006 | m u | ||
| 007 | cr cn||||||||| | ||
| 008 | 060926s2008 ne sb 001 0 eng d | ||
| 020 | |z 9781589833890 | ||
| 035 | |a (CaPaEBR)ebr10286051 | ||
| 035 | |a (OCoLC)503441618 | ||
| 040 | |a CaPaEBR |c CaPaEBR | ||
| 050 | 1 | 4 | |a BS1199.P68 |b S443 2008eb |
| 245 | 0 | 0 | |a Seeking the favor of God. |n Volume 3, |p The impact of penitential prayer beyond second temple judaism |h [electronic resource] / |c edited by Mark J. Boda, Daniel K. Falk, and Rodney A. Werline. |
| 260 | |a Atlanta : |b Society of Biblical Literature, |c 2008. | ||
| 300 | |a xiii, 306 p. | ||
| 504 | |a Includes bibliographical references and indexes. | ||
| 533 | |a Electronic reproduction. |b Palo Alto, Calif. : |c ebrary, |d 2013. |n Available via World Wide Web. |n Access may be limited to ebrary affiliated libraries. | ||
| 630 | 0 | 0 | |a Bible. |p O.T. |x Prayers |x History and criticism. |
| 630 | 0 | 0 | |a Seliḥot. |
| 650 | 0 | |a Worship in the Bible. | |
| 650 | 0 | |a Apocryphal books (Old Testament) |x Criticism, interpretation, etc. | |
| 650 | 0 | |a Judaism |x History |y Post-exilic period, 586 B.C.-210 A.D. | |
| 655 | 7 | |a Electronic books. |2 local | |
| 700 | 1 | |a Boda, Mark J. | |
| 700 | 1 | |a Falk, Daniel K. | |
| 700 | 1 | |a Werline, Rodney Alan, |d 1961- | |
| 710 | 2 | |a ebrary, Inc. | |
| 856 | 4 | 0 | |u http://site.ebrary.com/lib/daystar/Doc?id=10286051 |z An electronic book accessible through the World Wide Web; click to view |
| 908 | |a 170314 | ||
| 942 | 0 | 0 | |c EB |
| 999 | |c 97657 |d 97657 | ||